000 00519nmm a2200145Ia 4500
008 251105s9999||||xx |||||||||||||||||und||
041 _aspa
100 _aMalo de Molina, José Luis
245 0 _aUna visión macroeconómica de los cuarenta años de la Constitución española
264 _a[Madrid, España] :
_bMinisterio de Economía y Competitividad de España,
_c2019
300 _a124 páginas
650 _aHistory of Europe: Spain
856 _uhttps://public.digitaliapublishing.com/a/118727
942 _cCF
999 _c106656
_d106656